| 000 | 00000nam 2200000zi 4500 |
| 001 | 9.931295 |
| 003 | CaOODSP |
| 005 | 20231212121408 |
| 006 | m o d f |
| 007 | cr mn||||||||| |
| 008 | 231208s2022 onca o f000 0 fre d |
| 040 | |aCaOODSP|bfre|erda|cCaOODSP |
| 043 | |an-cnm-- |
| 086 | 1 |aFs23-731/2022F-PDF |
| 245 | 03|aLa pêche à des fins alimentaires, sociales et rituelles (ASR) en Nouvelle-Écosse, au Nouveau-Brunswick et à l’Île-du-Prince Édouard. |
| 264 | 1|a[Ottawa] : |bPêches et océans Canada = Fisheries and Oceans Canada, |c[2022] |
| 300 | |a1 ressource en ligne (1 page numérotée) : |billustrations |
| 336 | |atexte|btxt|2rdacontent/fre |
| 337 | |ainformatique|bc|2rdamedia/fre |
| 338 | |aressource en ligne|bcr|2rdacarrier/fre |
| 500 | |aTitre de départ. |
| 500 | |aPublié aussi en anglais sous le titre : Food, social and ceremonial (FSC) fishery in Nova Scotia, New Brunswick and Prince Edward Island. |
| 650 | 6|aAutochtones|xPêche|xDroit|zProvinces maritimes. |
| 710 | 1 |aCanada. |bMinistère des pêches et des océans, |eorganisme de publication. |
| 775 | 08|tFood, social and ceremonial (FSC) fishery in Nova Scotia, New Brunswick and Prince Edward Island.|w(CaOODSP)9.931294 |
| 856 | 40|qPDF|s589 Ko|uhttps://publications.gc.ca/collections/collection_2023/mpo-dfo/Fs23-731-2022-fra.pdf |
| 856 | 4 |qHTML|sS.O.|uhttps://www.dfo-mpo.gc.ca/about-notre-sujet/publications/infographics-infographies/FSC-ASR-fra.html |